| 000 | 01067nam a2200301 i 4500 | ||
|---|---|---|---|
| 003 | DO-SdBNP | ||
| 005 | 20250623103715.0 | ||
| 007 | ta | ||
| 008 | 110411s2007 dr ac 001 0 spa d | ||
| 020 | _a9780786430727 | ||
| 040 |
_aDO-SdBNP _bspa _cBNPHU _erda |
||
| 041 | _heng | ||
| 082 | 4 |
_a972.93054 _bB742b _222 |
|
| 100 | 1 |
_aBosch, Brian J. _955536 _eautor |
|
| 245 | 1 | 0 |
_aBalaguer and the Dominican military : _bpresidential control of the factional officer corps in the 1960s and 1970s / _cBrian J. Bosch |
| 264 |
_aNorth Carolina, Estados Unidos : _bMcFarland y company, _c2007. |
||
| 300 |
_a325 páginas : _bilustraciones, retratos ; _c23 cm. |
||
| 336 |
_2rdacontent _atexto _btxt |
||
| 337 |
_2rdamedia _asinmediación _bn |
||
| 338 |
_2rdacarrier _avolumen _bnc |
||
| 500 | _aIncluye índice. | ||
| 504 | _aBibliografía : p. 311-317 | ||
| 590 | _aInventariado, 2022/ YL | ||
| 600 | 1 | 0 |
_a Balaguer, Joaquín, _d1906-2002 _976556 |
| 651 | 4 |
_aRepública Dominicana _xFuerzas Armadas _xHistoria _ySiglo XX _955537 |
|
| 910 | _aYLockward | ||
| 942 |
_2ddc _cLBS1 |
||
| 999 |
_c52663 _d52663 |
||